Public distribution systems: evolution, evaluation and prospects (Record no. 344188)

000 -LEADER
fixed length control field 00514cam a22001457a 4500
008 - FIXED-LENGTH DATA ELEMENTS--GENERAL INFORMATION
fixed length control field 180718b1979 xxu||||| |||| 00| 0 eng d
082 ## - DEWEY DECIMAL CLASSIFICATION NUMBER
Classification number Z2x54 D537
245 ## - TITLE STATEMENT
Title Public distribution systems: evolution, evaluation and prospects
Statement of responsibility, etc. edited by Nikhilesh Dholakia and Rakesh Khurana
260 ## - PUBLICATION, DISTRIBUTION, ETC.
Place of publication, distribution, etc. New Delhi
Name of publisher, distributor, etc. Oxford
Date of publication, distribution, etc. 1979
300 ## - PHYSICAL DESCRIPTION
Extent 221p.
650 ## - SUBJECT ADDED ENTRY--TOPICAL TERM
Topical term or geographic name entry element Retail trade --India --Congresses
650 ## - SUBJECT ADDED ENTRY--TOPICAL TERM
Topical term or geographic name entry element Physical distribution of goods --India --Congresses
700 ## - ADDED ENTRY--PERSONAL NAME
Personal name Dholakia, Nikhilesh
700 ## - ADDED ENTRY--PERSONAL NAME
Personal name Khurana, Rakesh
Holdings
Withdrawn status Lost status Damaged status Not for loan Permanent Location Current Location Date acquired Full call number Barcode Date last seen Price effective from Koha item type
        Indian Institute of Public Administration Indian Institute of Public Administration 1993-10-01 Z2x54 D537 54981 2018-07-21 2018-07-21 Book

Powered by Koha